000 00454nam a2200157Ia 4500
008 180921t xxu||||| |||| 00| 0 sin d
041 _asin
080 _a613
_bSAM
245 _aසැමට ප්‍රජනක සෞඛ්‍යය
246 _aReproductive health for all
260 _bThe family planning association of Sri lanka
300 _a214p., ill., 28 cm
650 _aSexology
999 _c13491
_d13491
003 LK-CoDNM
040 _aLK-CoDNM
_dLK-CoDNM
_eLK-CoDNM